El surrealismo en la ficción hispanoamericana

Guardat en:
Dades bibliogràfiques
Autor principal: Langowski, Gerald
Format: Llibre
Idioma:Undetermined
Publicat: Madrid, España Gredos 1982
Matèries:
Etiquetes: Afegir etiqueta
Sense etiquetes, Sigues el primer a etiquetar aquest registre!

MARC

LEADER 00000nam a2200000Ia 4500
008 170316s9999 xx 000 0 und d
040 |a cru BVZT 
090 |a C-860 L-1s 
100 |a Langowski, Gerald 
245 |a El surrealismo en la ficción hispanoamericana 
260 |a Madrid, España 
260 |b Gredos 
260 |c 1982 
300 |a 228 páginas 
650 |a LITERATURA LATINOAMERICANA 
650 |a CRÍTICA 
999 |c 13069  |d 13069 
942 |c 15 D  |h C-860 L-1s  |2 z